Методология конструирования: рабочая тетрадь
| Main Author: | |
|---|---|
| Corporate Author: | |
| Summary: | Заглавие с титульного экрана Электронная версия печатной публикации Пособие содержит 185 заданий, которые сгруппированы по темам: «Методология и общие вопросы конструирования», «Станки и роботы: кинематика и элементы конструкции», «Размерный анализ», «Технологичность конструкции» и «Конструкторские задачи». Большинство заданий представлено в тестовой форме: для их выполнения не требуется значительных временных затрат, что позволяет оперативно оценивать уровень усвоения разделов дисциплины. Пособие может быть использовано при проведении практических занятий, внутрисеместровых тестовых испытаний, а также для самоконтроля изучающими дисциплину. Пособие подготовлено на кафедре автоматизации и роботизации в машиностроении и предназначено для студентов, обучающихся по направлениям 150900 «Технология, оборудование и автоматизация машиностроительных производств» и 150400 «Технологические машины и оборудование» AM_Library_network |
| Language: | Russian |
| Published: |
Томск, Изд-во ТПУ, 2009
|
| Subjects: | |
| Online Access: | http://www.lib.tpu.ru/fulltext3/m/2010/m01.pdf |
| Format: | Electronic Book |
| KOHA link: | https://koha.lib.tpu.ru/cgi-bin/koha/opac-detail.pl?biblionumber=175849 |
MARC
| LEADER | 00000nam0a2200000 4500 | ||
|---|---|---|---|
| 001 | 175849 | ||
| 005 | 20260408121004.0 | ||
| 035 | |a (RuTPU)RU\TPU\book\190647 | ||
| 090 | |a 175849 | ||
| 100 | |a 20100218d2009 km y0rusy50 ca | ||
| 101 | 0 | |a rus | |
| 102 | |a RU | ||
| 105 | |a a j 001zy | ||
| 135 | |a vrcn ---uucaa | ||
| 181 | 0 | |a i |b e | |
| 182 | 0 | |a b | |
| 183 | 0 | |a cr |2 RDAcarrier | |
| 200 | 1 | |a Методология конструирования |e рабочая тетрадь |f М. Г. Гольдшмидт |g Томский политехнический университет (ТПУ) | |
| 203 | |a Текст |c электронный |b визуальный | ||
| 210 | |a Томск |c Изд-во ТПУ |d 2009 | ||
| 283 | |a online_resource |2 RDAcarrier | ||
| 300 | |a Заглавие с титульного экрана | ||
| 300 | |a Электронная версия печатной публикации | ||
| 330 | |a Пособие содержит 185 заданий, которые сгруппированы по темам: «Методология и общие вопросы конструирования», «Станки и роботы: кинематика и элементы конструкции», «Размерный анализ», «Технологичность конструкции» и «Конструкторские задачи». Большинство заданий представлено в тестовой форме: для их выполнения не требуется значительных временных затрат, что позволяет оперативно оценивать уровень усвоения разделов дисциплины. Пособие может быть использовано при проведении практических занятий, внутрисеместровых тестовых испытаний, а также для самоконтроля изучающими дисциплину. Пособие подготовлено на кафедре автоматизации и роботизации в машиностроении и предназначено для студентов, обучающихся по направлениям 150900 «Технология, оборудование и автоматизация машиностроительных производств» и 150400 «Технологические машины и оборудование» | ||
| 371 | 0 | |a AM_Library_network | |
| 488 | 1 | |0 (RuTPU)RU\TPU\book\147400 |t Методология конструирования |o учебное пособие |f М. Г. Гольдшмидт |g Томский политехнический университет (ТПУ) ; Институт дистанционного образования |c Томск |n Изд-во ТПУ |d 2007 |a Гольдшмидт, Марк Георгиевич | |
| 606 | 1 | |a Конструирование |x Методология |2 stltpush |3 (RuTPU)RU\TPU\subj\15401 |9 41643 | |
| 610 | 1 | |a задания | |
| 610 | 1 | |a практические занятия | |
| 610 | 1 | |a тестовые задания | |
| 610 | 1 | |a конструирование | |
| 610 | 1 | |a методология | |
| 610 | 1 | |a станки | |
| 610 | 1 | |a роботы | |
| 610 | 1 | |a кинематика | |
| 610 | 1 | |a конструкторские задачи | |
| 610 | 1 | |a технологичность | |
| 610 | 1 | |a размерный анализ | |
| 610 | 1 | |a учебные пособия | |
| 610 | 1 | |a труды учёных ТПУ | |
| 610 | 1 | |a электронный ресурс | |
| 610 | 1 | |a конструкции | |
| 675 | |a 621.001.66(075.8) |v 3 | ||
| 700 | 1 | |a Гольдшмидт |b М. Г. |c специалист в области машиностроения |c доцент Томского политехнического университета, кандидат технических наук |f 1937- |g Марк Георгиевич |3 (RuTPU)RU\TPU\pers\26834 |9 12453 | |
| 712 | 0 | 2 | |a Томский политехнический университет (ТПУ) |c (1991- ) |3 (RuTPU)RU\TPU\col\376 |
| 801 | 1 | |a RU |b 63413507 |c 20080417 |g PSBO | |
| 801 | 2 | |a RU |b 63413507 |c 20140927 |g PSBO | |
| 856 | 4 | 0 | |u http://www.lib.tpu.ru/fulltext3/m/2010/m01.pdf |z http://www.lib.tpu.ru/fulltext3/m/2010/m01.pdf |
| 942 | |c CF | ||